Patriots Players Who Passed Away - Statistics

General Stats
  • This quiz has been taken 2 times
  • The average score is 6 of 209
Answer Stats
Date Age Player % Correct
4/19/2017 27 Aaron Hernandez
100%
5/16/2018 65 Andy Johnson
50%
7/15/2017 87 Babe Parilli
50%
1/25/2008 53 Brooks Williams
50%
7/12/2022 50 Charles Johnson
50%
11/25/2023 77 Daryl Johnson
50%
4/9/2005 63 Jerrel Wilson
50%
11/1/2003 73 Joe Johnson
50%
6/9/2018 39 Kenyatta Jones
50%
8/16/2017 58 Lester Williams
50%
3/8/2001 67 Abe Cohen
0%
10/20/2024 87 Alan Miller
0%
9/12/2019 87 Al Crow
0%
2/4/1974 26 Alfred Sykes
0%
5/12/1977 26 Allen Gallaher
0%
12/6/1977 42 Al Richardson
0%
9/30/2015 84 Al Romine
0%
2/6/2020 76 Barry Brown
0%
6/25/2022 74 Bill Bell
0%
7/1/2021 87 Bill Danenhauer
0%
12/13/2017 82 Bill Hudson
0%
9/19/2015 77 Bill Larson
0%
8/27/2016 70 Bill Lenkaitis
0%
4/2/2018 75 Bill Rademacher
0%
7/23/1992 56 Bill Striegel
0%
5/20/1995 60 Billy Lott
0%
4/30/2012 72 Billy Neighbors
0%
12/25/2001 70 Billy Wells
0%
6/18/1989 57 Bobby Cross
0%
4/17/2002 60 Bobby Nichols
0%
2/10/2015 76 Bobby Towns
0%
4/18/1979 45 Bob Dee
0%
4/7/2008 63 Bob Howard
0%
3/4/2017 81 Bob Lee
0%
2/23/2023 58 Bob Perryman
0%
10/10/1996 57 Bob Reynolds
0%
6/26/2009 73 Bob Soltis
0%
12/21/2015 76 Bob Suci
0%
4/16/2013 74 Bob Yates
0%
10/18/2015 54 Bruce Hansen
0%
11/6/2014 42 Bruce Walker
0%
5/26/1976 52 Butch Songin
0%
6/8/2010 42 Calvin Stephens
0%
8/24/2020 72 Carl Garrett
0%
8/16/2022 83 Charley Frazier
0%
12/16/1989 51 Charlie Long
0%
12/29/2021 44 Chris Eitzmann
0%
10/7/2010 76 Chuck Leo
0%
5/17/2019 75 Clarence Scott
0%
8/16/2024 85 Claude King
0%
4/22/2022 62 Clayton Weishuhn
0%
12/29/1974 36 Clyde Washington
0%
4/5/2007 55 Darryl Stingley
0%
11/6/2017 78 Dave Cloutier
0%
8/13/2020 69 Dave McCurry
0%
2/27/2016 52 David Douglas
0%
9/2/2021 47 David Patten
0%
3/13/2021 79 David Watson
0%
7/22/2010 63 Dennis Byrd
0%
1/25/2014 66 Dennis Wirgowski
0%
7/8/1966 30 Dick Christy
0%
11/17/2012 79 Dick Felt
0%
12/27/2005 71 Dick Klein
0%
5/4/2002 66 Don Allard
0%
12/14/2020 68 Don Calhoun
0%
4/14/2025 70 Don Hasselbeck
0%
6/3/2018 84 Don McComb
0%
1/25/2015 73 Don McKinnon
0%
5/11/2017 64 Donnie Thomas
0%
3/29/2025 86 Don Oakes
0%
10/17/1992 46 Edgar Chandler
0%
12/6/2024 89 Ed Khayat
0%
11/24/2019 75 Ed Weisacosky
0%
5/2/2013 46 Elbert Crawford
0%
4/10/2024 66 Eric Sievers
0%
1/17/2008 59 Ernie Holmes
0%
8/14/1971 32 Frank Robotti
0%
1/22/2016 84 Fred Bruney
0%
10/27/2003 64 Fred Whittingham
0%
3/9/2016 61 Gary Jeter
0%
7/27/1993 50 Gene Thomas
0%
11/22/2003 43 George Peoples
0%
11/26/2015 74 George Pyne
0%
4/19/2007 61 George Webster
0%
5/12/2022 88 Gino Cappelletti
0%
7/1/2021 67 Greg Schaum
0%
9/5/2022 71 Guy Morriss
0%
12/17/2021 84 Harry Jacobs
0%
10/9/1993 61 Harry Jagielski
0%
11/6/2021 83 Harvey White
0%
12/26/2011 72 Houston Antwine
0%
2/15/2015 74 Ike Lassiter
0%
2/5/2020 83 Jack Atchason
0%
1/1/2013 80 Jack Davis
0%
5/22/2008 58 Jack Mildren
0%
6/23/2019 81 Jack Rudolph
0%
11/6/2022 84 Jake Crouthamel
0%
3/31/2018 66 James McAlister
0%
7/4/2012 70 J.D. Garrett
0%
1/8/2017 80 Jerry DeLucca
0%
12/12/1994 58 Jerry Green
0%
5/19/1983 37 Jerry Patton
0%
6/17/1975 44 Jess Richardson
0%
5/16/2004 68 Jim Colclough
0%
6/10/2018 82 Jim Crawford
0%
4/18/2020 83 Jim Fraser
0%
11/22/1975 37 Jim Lee Hunt
0%
6/17/1992 49 Jim Nance
0%
8/22/2023 71 Jim Romaniszyn
0%
12/18/2012 69 Jim Whalen
0%
9/?/1981 33 Jim White
0%
4/5/2012 68 Joe Avezzano
0%
3/27/2019 81 Joe Bellino
0%
4/25/2016 65 Joe Blahak
0%
5/8/2023 85 Joe Kapp
0%
10/23/2014 73 John Bramlett
0%
1/18/2023 75 John Cagle
0%
6/16/2019 75 John Charles
0%
8/16/2024 71 John Lee
0%
8/29/1994 51 John Mangum
0%
8/2/1992 57 John Simerson
0%
9/1/2009 43 John Stephens
0%
2/5/2009 63 John Tanner
0%
10/4/1993 44 Josh Ashton
0%
7/11/2020 77 J. R. Williamson
0%
3/24/2016 67 Julius Adams
0%
9/30/1995 27 Junior Robinson
0%
5/2/2012 43 Junior Seau
0%
10/11/11 68 Justin Canale
0%
3/21/2025 65 Kenneth Sims
0%
5/22/2015 66 Kevin Hunt
0%
3/24/2016 46 Kevin Turner
0%
6/16/2017 72 Kim Hammond
0%
6/19/2009 65 King Corcoran
0%
4/25/2024 28 Korey Cunningham
0%
1/9/1984 39 Larry Carwell
0%
1/29/2020 79 Larry Eisenhauer
0%
9/13/2019 82 Larry Garron
0%
4/5/2004 46 Larry McGrew
0%
2/17/2017 38 Leonard Myers
0%
11/11/2001 49 Leon Gray
0%
11/29/1995 45 Leon McQuay
0%
2/24/2016 75 Lonnie Farmer
0%
12/6/2015 67 Mack Herron
0%
9/6/2022 65 Mark Buben
0%
5/28/2007 24 Marquise Hill
0%
3/15/2022 50 Marrio Grier
0%
2/8/2021 77 Marty Schottenheimer
0%
3/20/2025 51 Matt Stevens
0%
11/20/2003 64 Mel West
0%
2/11/2013 79 Mel Witt
0%
6/16/2008 72 Mike Dukes
0%
12/13/2018 74 Mike Montler
0%
4/27/2008 55 Mike Patrick
0%
11/4/2021 61 Mike Pitts
0%
12/13/2021 87 Milt Graham
0%
7/18/2019 32 Mitch Petrus
0%
1/3/2025 72 Morris Bradshaw
0%
2/23/2010 54 Mosi Tatupu
0%
4/15/2023 72 Nate Dorsey
0%
7/30/2019 78 Nick Buoniconti
0%
2/14/2008 59 Odell Lawson
0%
10/16/2021 83 Pat Studstill
0%
1/16/1985 38 Paul Gipson
0%
11/6/2003 64 Paul Lindquist
0%
5/3/2018 72 Pete Barnes
0%
12/15/2002 67 Phil Bennett
0%
4/8/2021 32 Phillip Adams
0%
6/7/2009 39 Pio Sagapolutele
0%
12/20/2016 67 Ralph Anderson
0%
1/3/2012 56 Ray Costict
0%
6/6/2020 41 Reche Caldwell
0%
11/27/2023 55 Reggie Redding
0%
9/26/2016 66 Richard Bishop
0%
8/19/2022 49 Riddick Parker
0%
5/16/2023 73 Rodrigo Barnes
0%
10/4/1999 46 Rod Shoate
0%
5/9/1998 64 Rommie Loudd
0%
11/21/2023 79 Ron Acks
0%
4/23/2016 29 Ron Brace
0%
9/13/2003 67 Ron Burton
0%
4/7/1972 33 Ross O'Hanley
0%
10/1/2023 70 Russ Francis
0%
6/27/2023 35 Ryan Mallett
0%
10/10/2015 67 Sam Adams Sr.
0%
9/7/2021 71 Sam Cunningham
0%
9/9/2022 70 Shelby Jordan
0%
12/12/2021 80 Sid Blanks
0%
10/25/1989 29 Steve Moore
0%
6/8/2005 44 Steve Wilburn
0%
12/23/2021 77 Teddy Bailey
0%
11/20/2017 43 Terry Glenn
0%
7/12/2018 82 Thomas Stephens
0%
3/10/2014 35 T. J. Turner
0%
6/14/2011 75 Tom Addison
0%
1/20/1996 60 Tom Dimitroff
0%
7/22/2012 70 Tom Hennessey
0%
11/21/2009 69 Tom Janik
0%
10/21/2020 88 Tom Yewcic
0%
2/11/2007 71 Tony Discenzo
0%
5/2/1996 58 Tony Romeo
0%
5/28/2006 73 Tony Sardisco
0%
12/11/2005 73 Walt Cudzik
0%
7/4/2019 73 Wayne Mass
0%
9/17/11 69 Whit Canale
0%
7/2/1989 43 Willie Banks
0%
3/3/2019 72 Willie Porter
0%
2/8/2021 61 Willie Scott
0%
11/15/1989 55 Willis Perkins
0%
No matching quizzes found
Score Distribution
Percent of People with Each Score
Percentile by Number Answered
Your Score History
You have not taken this quiz